Periodontics: Exam Preparatory Manual for Undergraduates (Record no. 20175)
[ view plain ]
| 000 -LEADER | |
|---|---|
| fixed length control field | 00359nam a22001457a 4500 |
| 003 - CONTROL NUMBER IDENTIFIER | |
| control field | SGT |
| 020 ## - INTERNATIONAL STANDARD BOOK NUMBER | |
| International Standard Book Number | 9788131229996 |
| 082 ## - DEWEY DECIMAL CLASSIFICATION NUMBER | |
| Classification number | 617.645 |
| Item number | P14B |
| 100 ## - MAIN ENTRY--PERSONAL NAME | |
| Personal name | BAINS, VIVEK |
| 245 ## - TITLE STATEMENT | |
| Title | Periodontics: Exam Preparatory Manual for Undergraduates |
| 260 ## - PUBLICATION, DISTRIBUTION, ETC. (IMPRINT) | |
| Place of publication, distribution, etc | NEW DELHI |
| Name of publisher, distributor, etc | Elsevier; |
| Year of Publication | 2014 |
| 300 ## - PAGE DESCRIPTION | |
| No. of Pages | 1-468 |
| 650 ## - SUBJECT ADDED ENTRY--TOPICAL TERM | |
| Topical term or geographic name as entry element | PERIODONTOLOGY |
| 942 ## - ADDED ENTRY ELEMENTS (KOHA) | |
| Source of classification or shelving scheme | Dewey Decimal Classification |
| Koha item type | Books |
| 942 ## - ADDED ENTRY ELEMENTS (KOHA) | |
| -- | 4 |
| Withdrawn status | Lost status | Source of classification or shelving scheme | Damaged status | Not for loan | Home library | Current library | Shelving location | Date acquired | SGTU | Total Checkouts | Full call number | Accession No. (Barcode) | Date last seen | Date last borrowed | Bill Date | Koha item type |
|---|---|---|---|---|---|---|---|---|---|---|---|---|---|---|---|---|
| Dewey Decimal Classification | SGT Dental Library | SGT Dental Library | Text Book | 06/06/2020 | SGTU | 6 | 617.645 P14B | FD8096 | 30/08/2025 | 30/08/2025 | 06/06/2020 | Books |